| 000 | 00541nam a2200181Ia 4500 | ||
|---|---|---|---|
| 008 | 240729s9999 xx 000 0 und d | ||
| 022 | _a1664-2295 | ||
| 245 | 0 | _aFrontiers in Neurology | |
| 260 | _aSwitzerland | ||
| 260 | _bFrontiers Media S.A. | ||
| 650 | _a Internal medicine | ||
| 650 | _a Neurology. Diseases of the nervous system | ||
| 650 | _a Neurosciences. Biological psychiatry. Neuropsychiatry | ||
| 650 | _aMedicine | ||
| 856 | _uhttps://doaj.org/toc/4100f74160f1455492602f400f1e490e | ||
| 942 | _2ddc | ||
| 942 | _cDOAJEJ | ||
| 999 |
_c67144 _d67144 |
||
| 945 |
_a1 _bMadushi Gamage _c1 _dMadushi Gamage |
||